[Event "2nd Indonesia Open Chess Ch. 2012"]
[Site "Grand SahidJaya Hotel, Jakarta"]
[Date "2012.10.15"]
[Round "7.17"]
[White "Sukandar, Irine Kharisma"]
[Black "Xiu, Deshun"]
[Result "0-1"]
[WhiteElo "2362"]
[BlackElo "2525"]
[PlyCount "76"]
[EventDate "2012.10.11"]

1. e4 c5 2. Nf3 d6 3. d4 cxd4 4. Nxd4 Nf6 5. Nc3 a6 6. f3 e5 7. Nb3 Be6 8. Be3
Be7 9. Qd2 O-O 10. O-O-O a5 11. a4 Nc6 12. g4 Nb4 13. g5 Nh5 14. Rg1 Rc8 15.
Kb1 f5 16. g6 hxg6 17. Rxg6 Rf6 18. Rg1 f4 19. Bf2 Rh6 20. Nc1 Nf6 21. h4 d5
22. exd5 Nfxd5 23. Nxd5 Qxd5 24. Qxd5 Bxd5 25. Bh3 Rxc2 26. Be1 Bxf3 27. Bxb4
Rxc1+ 28. Rxc1 Be4+ 29. Ka1 Bxb4 30. Rc7 Rg6 31. Rc8+ Kh7 32. Rg5 Rxg5 33. hxg5
Kg6 34. Re8 Bf5 35. Bg2 e4 36. Bxe4 Bxe4 37. Rxe4 Kxg5 38. Kb1 f3 0-1

[Event "2nd Indonesia Open Chess Ch. 2012"]
[Site "Grand SahidJaya Hotel, Jakarta"]
[Date "2012.10.15"]
[Round "7.18"]
[White "Dao, Thien Hai"]
[Black "Purnama, Tirta Chandra"]
[Result "0-1"]
[WhiteElo "2523"]
[BlackElo "2384"]
[PlyCount "92"]
[EventDate "2012.10.11"]

1. d4 Nf6 2. c4 c6 3. Nc3 d5 4. Nf3 dxc4 5. a4 Bf5 6. Ne5 Nbd7 7. Nxc4 Qc7 8.
g3 e5 9. dxe5 Nxe5 10. Bf4 Nfd7 11. Bg2 f6 12. Nxe5 fxe5 13. Bd2 a5 14. Ne4
O-O-O 15. O-O Nf6 16. Nxf6 gxf6 17. Qe1 b6 18. b4 Rxd2 19. Qxd2 Bxb4 20. Qh6
Bg6 21. Rac1 c5 22. Rfd1 Rd8 23. Qh3+ f5 24. g4 f4 25. Rxd8+ Qxd8 26. Qb3 Qd7
27. Rd1 Bf7 28. Qc2 Bg6 29. e4 fxe3 30. Qe2 Bd2 31. fxe3 Bxe3+ 32. Kh1 Bd4 33.
Rf1 Kc7 34. Qa6 e4 35. Rf8 Be5 36. Bf1 e3 37. Qa7+ Kd6 38. Qxb6+ Qc6+ 39. Qxc6+
Kxc6 40. Bb5+ Kd5 41. Kg1 Kd4 42. h4 c4 43. Rd8+ Kc3 44. h5 Bd3 45. Re8 Bd4 46.
Kg2 Kd2 0-1

[Event "2nd Indonesia Open Chess Ch. 2012"]
[Site "Grand SahidJaya Hotel, Jakarta"]
[Date "2012.10.15"]
[Round "7.19"]
[White "Gomez, John Paul"]
[Black "Hamdani, Rudin"]
[Result "1/2-1/2"]
[WhiteElo "2523"]
[BlackElo "2328"]
[PlyCount "64"]
[EventDate "2012.10.11"]

1. d4 d5 2. c4 c6 3. e3 Nf6 4. Nf3 g6 5. Nc3 Bg7 6. Be2 O-O 7. O-O Nbd7 8. b4
dxc4 9. Bxc4 Nb6 10. Bb3 Nbd5 11. Nxd5 cxd5 12. Ne5 Qd6 13. a4 Be6 14. b5 Rfc8
15. Ba3 Qd8 16. Nd3 Rc7 17. Bb4 Bf5 18. f3 Bxd3 19. Qxd3 Rac8 20. a5 b6 21. Bd2
e6 22. Ra4 Qd7 23. Kh1 Ne8 24. axb6 axb6 25. Ra6 Rb7 26. Rb1 Nd6 27. Raa1 h5
28. Be1 Rbc7 29. Bd1 Rc4 30. Bb3 R4c7 31. Bd1 Nf5 32. Bd2 Nd6 1/2-1/2

[Event "2nd Indonesia Open Chess Ch. 2012"]
[Site "Grand SahidJaya Hotel, Jakarta"]
[Date "2012.10.15"]
[Round "7.20"]
[White "Kaisar, Jenius Hakiki"]
[Black "Nguyen, Duc Hoa"]
[Result "0-1"]
[WhiteElo "2285"]
[BlackElo "2494"]
[PlyCount "52"]
[EventDate "2012.10.11"]

1. e4 c5 2. Nf3 d6 3. d4 cxd4 4. Nxd4 Nf6 5. f3 e5 6. Bb5+ Nbd7 7. Nf5 d5 8.
exd5 a6 9. Ba4 b5 10. Bb3 Nc5 11. Ne3 Nxb3 12. axb3 Bc5 13. c4 Nh5 14. g3 f5
15. Ng2 f4 16. g4 Nf6 17. Nc3 O-O 18. h3 Qb6 19. Qe2 Bd7 20. Ne4 Nxe4 21. Qxe4
Bd4 22. Bd2 bxc4 23. bxc4 Qxb2 24. Rb1 Qa2 25. Rb7 Rab8 26. Rxb8 Rxb8 0-1

[Event "2nd Indonesia Open Chess Ch. 2012"]
[Site "Grand SahidJaya Hotel, Jakarta"]
[Date "2012.10.15"]
[Round "7.21"]
[White "Dimakiling, Oliver"]
[Black "Bai, Jinshi"]
[Result "1-0"]
[WhiteElo "2470"]
[BlackElo "2252"]
[PlyCount "99"]
[EventDate "2012.10.11"]

1. c4 e5 2. Nc3 Nc6 3. g3 g6 4. Bg2 Bg7 5. e3 Nge7 6. a3 d6 7. d3 Be6 8. Nge2
O-O 9. O-O d5 10. cxd5 Nxd5 11. Ne4 Qe7 12. Qc2 Rad8 13. b4 Nb8 14. Bb2 Nd7 15.
b5 f5 16. N4c3 N7b6 17. a4 Nb4 18. Qb1 Nxd3 19. Ba3 Nc5 20. Qb4 Nbd7 21. Nd5
Qf7 22. Nxc7 e4 23. Nxe6 Qxe6 24. Nf4 Qf7 25. Rad1 b6 26. f3 Nf6 27. Qb1 Rde8
28. fxe4 Nfxe4 29. Nd5 Nf6 30. a5 Qe6 31. Rfe1 Rc8 32. Nf4 Qe7 33. Bc6 Kh8 34.
Qc2 Rfd8 35. Rc1 Bf8 36. Qc3 Qf7 37. Rcd1 Rxd1 38. Rxd1 Nce4 39. Qb2 Bxa3 40.
Qxa3 bxa5 41. Qxa5 Qb3 42. Qe1 Qb2 43. Rb1 Qc2 44. Rc1 Qb2 45. Nd3 Qb3 46. Bxe4
Rc4 47. Nc5 Rxc5 48. Rxc5 Nxe4 49. Rc7 Qb2 50. Qd1 1-0

[Event "2nd Indonesia Open Chess Ch. 2012"]
[Site "Grand SahidJaya Hotel, Jakarta"]
[Date "2012.10.15"]
[Round "7.22"]
[White "Lou, Yiping"]
[Black "Eshbaev, Avazbek"]
[Result "1-0"]
[WhiteElo "2444"]
[BlackElo "2156"]
[PlyCount "178"]
[EventDate "2012.10.11"]

1. d4 e6 2. c4 Bb4+ 3. Bd2 a5 4. g3 d5 5. Nf3 Nf6 6. Bg2 Ne4 7. Bxb4 axb4 8.
Nbd2 Nc6 9. O-O O-O 10. e3 Nxd2 11. Nxd2 dxc4 12. Nxc4 Bd7 13. Qc2 Qe7 14. Rfd1
Ra7 15. e4 Rc8 16. d5 exd5 17. exd5 Na5 18. Nd2 b6 19. Re1 Qf6 20. Ne4 Qh6 21.
a3 b3 22. Qc3 Bf5 23. Nd2 Qf6 24. Re5 Nb7 25. Rae1 Nd6 26. Nxb3 g6 27. Nd4 Kg7
28. Nc6 Ra4 29. Nb4 Ra5 30. Bf1 Rc5 31. Qd2 h5 32. h4 Rd8 33. Re7 Nc4 34. Bxc4
Rxc4 35. Qg5 Rd6 36. Qxf6+ Kxf6 37. R7e3 Rc5 38. Rf3 Kg7 39. Rf4 Bc8 40. f3 Rf6
41. Rxf6 Kxf6 42. f4 Bb7 43. Re5 Rc1+ 44. Kf2 Rb1 45. Re2 Rd1 46. Rc2 Bxd5 47.
Ke2 Rd4 48. Rxc7 Be6 49. Ke3 Rd6 50. Rc6 Rxc6 51. Nxc6 Bd7 52. Nd4 Ke7 53. Nf3
Ke6 54. Ne5 Be8 55. Ke4 f6 56. Nc4 b5 57. Ne3 Kd6 58. Kd4 Bf7 59. g4 hxg4 60.
Nxg4 Ke6 61. Ne3 Kd6 62. b4 Be8 63. f5 g5 64. hxg5 fxg5 65. Nf1 Bc6 66. Ng3 Bf3
67. Ke3 Ba8 68. Ne2 Bc6 69. Nd4 Bd7 70. Ke4 Be8 71. f6 Bg6+ 72. Ke3 Be8 73. Kf3
Bh5+ 74. Ke3 Be8 75. Nf3 Ke6 76. Nxg5+ Kxf6 77. Nf3 Bc6 78. Nd4 Be8 79. Ke4 Bf7
80. Nxb5 Ke6 81. Kd4 Kd7 82. Kc5 Bb3 83. Nc3 Kc7 84. b5 Kb7 85. a4 Bc2 86. a5
Bd3 87. Nd5 Bf1 88. Nb4 Ka7 89. a6 Ka8 1-0

[Event "2nd Indonesia Open Chess Ch. 2012"]
[Site "Grand SahidJaya Hotel, Jakarta"]
[Date "2012.10.15"]
[Round "7.24"]
[White "Kasmiran"]
[Black "Torre, Eugenio"]
[Result "1/2-1/2"]
[WhiteElo "2310"]
[BlackElo "2500"]
[PlyCount "96"]
[EventDate "2012.10.11"]

1. e4 e5 2. Nf3 Nc6 3. Bc4 Nf6 4. d3 Be7 5. Bb3 d6 6. c3 O-O 7. O-O Bg4 8. h3
Bh5 9. Nbd2 Nd7 10. Re1 Nc5 11. Bc2 Ne6 12. Nf1 Kh8 13. Ng3 Bxf3 14. Qxf3 Bg5
15. Be3 g6 16. Rad1 Bxe3 17. Qxe3 Nf4 18. d4 Qg5 19. Qf3 f6 20. Qg4 Qxg4 21.
hxg4 Na5 22. Nf1 b5 23. g3 Ne6 24. d5 Ng5 25. Kg2 Rfb8 26. b4 Nc4 27. Bb3 Nb6
28. Nd2 a5 29. Rc1 Ra7 30. Rb1 Kg7 31. Rec1 Nd7 32. a3 Kf8 33. Rh1 Kg7 34. Rb2
axb4 35. axb4 Rba8 36. Rbb1 Nb6 37. Rbc1 Kf8 38. Kf1 Ke7 39. Ke2 Nf7 40. Ke3
Ra3 41. f3 h6 42. Bd1 Na4 43. Nb3 Rc8 44. c4 bxc4 45. Rxc4 Nb6 46. Rc3 Na4 47.
Rc1 Kd7 48. Ra1 Rxa1 1/2-1/2

[Event "2nd Indonesia Open Chess Ch. 2012"]
[Site "Grand SahidJaya Hotel, Jakarta"]
[Date "2012.10.15"]
[Round "7.25"]
[White "Hoang, Thanh Trang"]
[Black "Tirto"]
[Result "1-0"]
[WhiteElo "2470"]
[BlackElo "2322"]
[PlyCount "143"]
[EventDate "2012.10.11"]

1. d4 Nf6 2. Nf3 d5 3. c4 e6 4. g3 dxc4 5. Qa4+ Nbd7 6. Bg2 a6 7. Qxc4 b5 8.
Qc6 Rb8 9. Bf4 Nd5 10. Bg5 Be7 11. Bxe7 Qxe7 12. Nbd2 Bb7 13. Qc2 c5 14. dxc5
Nxc5 15. Rc1 O-O 16. Nb3 Nxb3 17. Qxb3 Nb6 18. O-O Bd5 19. Qc2 h6 20. b3 Rfc8
21. Qb2 Qb4 22. Qd4 Qxd4 23. Nxd4 Kf8 24. f4 Bxg2 25. Kxg2 Nd5 26. Kf3 Nc3 27.
Rc2 Rc7 28. Rfc1 Rbc8 29. a3 Ke7 30. b4 Rc4 31. e3 Nb1 32. Rxc4 Nd2+ 33. Ke2
Nxc4 34. Rc3 Kd8 35. g4 g6 36. Nf3 Rc6 37. h4 Kc7 38. Nd4 Rd6 39. a4 Kb6 40.
a5+ Ka7 41. Nb3 Rc6 42. Rd3 Rc7 43. Rd8 Na3 44. Nc5 Nc2 45. Nd3 Kb7 46. Kd2 Na3
47. Nc5+ Ka7 48. Kd3 Nc4 49. Rd7 Rxd7+ 50. Nxd7 Kb7 51. Nc5+ Kc6 52. Nxa6 e5
53. Ke4 h5 54. g5 exf4 55. Kxf4 Nd6 56. Nc5 Nf5 57. e4 Nd4 58. Ke5 Nf3+ 59. Kf6
Nxh4 60. Kxf7 Nf3 61. Kxg6 h4 62. Nd3 h3 63. Nf2 h2 64. Kf6 Nd2 65. Kf5 Nf1 66.
g6 Ng3+ 67. Kf4 Nh5+ 68. Kg5 Ng3 69. Kf4 Nh5+ 70. Kg4 Nf6+ 71. Kf5 Nh5 72. Nh1
1-0

[Event "2nd Indonesia Open Chess Ch. 2012"]
[Site "Grand SahidJaya Hotel, Jakarta"]
[Date "2012.10.15"]
[Round "7.26"]
[White "Situru, Muhammad Ivan"]
[Black "Gao, Rui"]
[Result "0-1"]
[WhiteElo "2284"]
[BlackElo "2443"]
[PlyCount "108"]
[EventDate "2012.10.11"]

1. e4 c5 2. Nf3 d6 3. d4 cxd4 4. Nxd4 Nf6 5. Nc3 a6 6. f4 e6 7. Be2 Be7 8. O-O
Qc7 9. Bf3 O-O 10. a4 Nc6 11. Kh1 Rd8 12. Be3 Ne5 13. Ndb5 axb5 14. Nxb5 Qa5
15. fxe5 dxe5 16. Qe2 Bd7 17. c3 Bc6 18. Rfe1 Rd7 19. b4 Qa6 20. Bf2 Rad8 21.
Ra2 Rd3 22. Na7 Be8 23. b5 Qd6 24. Rc1 Qc7 25. c4 Bc5 26. a5 Bxf2 27. Qxf2 Nxe4
28. Qg1 Nc3 29. Ra3 Rxf3 30. b6 Qe7 31. Raxc3 Rxc3 32. Rxc3 Qb4 33. Rc1 Qxa5
34. c5 g6 35. h3 Qb4 36. c6 bxc6 37. Rxc6 Kg7 38. Rc1 Rb8 39. Nc6 Bxc6 40. Rxc6
Rb7 41. Qe3 Qd4 42. Qb3 e4 43. Qb5 e3 44. Kh2 h5 45. Kg3 e2 46. Qxe2 Rxb6 47.
Rxb6 Qxb6 48. Qe5+ f6 49. Qc3 g5 50. Kf3 Qd6 51. g3 h4 52. gxh4 Qf4+ 53. Ke2
gxh4 54. Qb3 Kg6 0-1

[Event "2nd Indonesia Open Chess Ch. 2012"]
[Site "Grand SahidJaya Hotel, Jakarta"]
[Date "2012.10.15"]
[Round "7.27"]
[White "Muhammad, Luthfi Ali"]
[Black "Bitoon, Richard"]
[Result "0-1"]
[WhiteElo "2218"]
[BlackElo "2430"]
[PlyCount "92"]
[EventDate "2012.10.11"]

1. e4 c5 2. Nf3 e6 3. d4 cxd4 4. Nxd4 a6 5. Bd3 Bc5 6. Nb3 Be7 7. O-O Nc6 8. f4
d6 9. Nc3 Nf6 10. Qf3 Qc7 11. Bd2 O-O 12. Kh1 b5 13. Rae1 Bb7 14. Qh3 g6 15. f5
b4 16. fxg6 hxg6 17. Ne2 Ne5 18. Ng3 a5 19. Nd4 Nh7 20. Qh6 Qd8 21. Nf3 Bf6 22.
Nxe5 Bxe5 23. b3 Rc8 24. Bc4 Rc5 25. Qe3 Qh4 26. Re2 Nf6 27. Qg5 Bxg3 28. Qxg3
Qxg3 29. hxg3 Nxe4 30. Be1 Kg7 31. Kg1 Rfc8 32. Re3 d5 33. Bd3 Rxc2 34. Bxc2
Rxc2 35. Rxe4 dxe4 36. Rf2 Rc1 37. Re2 f5 38. Kh2 Ba6 39. Bd2 Rf1 40. Re1 Rxe1
41. Bxe1 e3 42. g4 g5 43. gxf5 exf5 44. Kg3 f4+ 45. Kf3 Bb7+ 46. Kg4 Bxg2 0-1

[Event "2nd Indonesia Open Chess Ch. 2012"]
[Site "Grand SahidJaya Hotel, Jakarta"]
[Date "2012.10.15"]
[Round "7.28"]
[White "Guo, Qi"]
[Black "Khairul, Anam"]
[Result "1-0"]
[WhiteElo "2391"]
[BlackElo "2308"]
[PlyCount "61"]
[EventDate "2012.10.11"]

1. d4 g6 2. c4 Bg7 3. Nc3 Nf6 4. e4 d6 5. Nf3 O-O 6. Be2 e5 7. O-O Na6 8. Re1
Qe8 9. Bg5 h6 10. Bxf6 Bxf6 11. c5 exd4 12. Nd5 Bd8 13. Bxa6 c6 14. Nf4 bxa6
15. cxd6 g5 16. Nd3 Bb6 17. Qc1 Qe6 18. e5 g4 19. Nd2 Qg6 20. Ne4 Bf5 21. Nf4
Qg7 22. Ng3 Qg5 23. Ngh5 Kh8 24. a4 Ba5 25. Ra3 Rae8 26. h4 gxh3 27. Rg3 Bg4
28. gxh3 Rxe5 29. Rxg4 Rxe1+ 30. Qxe1 Qf5 31. Qe7 1-0

[Event "2nd Indonesia Open Chess Ch. 2012"]
[Site "Grand SahidJaya Hotel, Jakarta"]
[Date "2012.10.15"]
[Round "7.29"]
[White "Panggabean, Hasian"]
[Black "Wahono, Awam"]
[Result "0-1"]
[WhiteElo "2204"]
[BlackElo "2389"]
[PlyCount "71"]
[EventDate "2012.10.11"]

1. d4 Nf6 2. Nf3 g6 3. Bg5 Bg7 4. e3 O-O 5. Nbd2 d6 6. c3 Nbd7 7. Bc4 b6 8. O-O
Bb7 9. Qe2 a6 10. a4 h6 11. Bh4 Qe8 12. e4 e5 13. dxe5 dxe5 14. Ne1 g5 15. Bg3
Nc5 16. f3 Nxa4 17. Nd3 Nh5 18. Bd5 Bxd5 19. exd5 b5 20. Nb3 Nf4 21. Bxf4 exf4
22. Kf2 Qc8 23. Rfe1 Re8 24. Qxe8+ Qxe8 25. Rxe8+ Rxe8 26. Nbc5 Re3 27. Rd1
Nxc5 28. Nxc5 a5 29. Kg1 Bf8 30. Na6 Bd6 31. Nb8 a4 32. Nc6 Bc5 33. Kf1 a3 34.
bxa3 Bxa3 35. Rb1 Rxc3 36. Rxb5 {Unreadable notation. Game ended in 60 moves.}
0-1

[Event "2nd Indonesia Open Chess Ch. 2012"]
[Site "Grand SahidJaya Hotel, Jakarta"]
[Date "2012.10.15"]
[Round "7.30"]
[White "Lioe, Dede"]
[Black "Supriyono, Eko"]
[Result "1-0"]
[WhiteElo "2387"]
[BlackElo "2253"]
[PlyCount "51"]
[EventDate "2012.10.11"]

1. e4 e5 2. Nf3 Nc6 3. Bb5 d6 4. d4 exd4 5. Nxd4 Bd7 6. Nxc6 bxc6 7. Bd3 Nf6 8.
O-O Be7 9. Nc3 c5 10. f4 Bc6 11. Qf3 Nd7 12. Bd2 Bf6 13. Qh3 h6 14. Rae1 O-O
15. Nd1 Rb8 16. g4 Bd4+ 17. Kh1 Bxb2 18. g5 hxg5 19. Nxb2 Rxb2 20. Bc3 Rxa2 21.
Rg1 c4 22. Bxc4 Rxc2 23. Rxg5 Ne5 24. Rxg7+ Kxg7 25. Rg1+ Kf6 26. Qh4# 1-0

[Event "2nd Indonesia Open Chess Ch. 2012"]
[Site "Grand SahidJaya Hotel, Jakarta"]
[Date "2012.10.15"]
[Round "7.31"]
[White "Suyud, Hartoyo"]
[Black "Ardiansyah, H."]
[Result "0-1"]
[WhiteElo "2178"]
[BlackElo "2371"]
[PlyCount "45"]
[EventDate "2012.10.11"]

1. d4 f5 2. Bg5 g6 3. e3 Bg7 4. Nf3 d6 5. Bc4 Nf6 6. Nbd2 c6 7. O-O Nbd7 8. Bb3
h6 9. Bxf6 Nxf6 10. Re1 g5 11. e4 fxe4 12. Nxe4 Nxe4 13. Rxe4 d5 14. Ne5 O-O
15. h4 Bf5 16. Re3 gxh4 17. Qh5 e6 18. g4 Bh7 19. Rh3 Rf4 20. c3 Qg5 21. Qxh4
Bxe5 22. dxe5 Qxh4 23. Rxh4 0-1

[Event "2nd Indonesia Open Chess Ch. 2012"]
[Site "Grand SahidJaya Hotel, Jakarta"]
[Date "2012.10.15"]
[Round "7.32"]
[White "Azarya, Jodi Setyaki"]
[Black "Halay, Taufik"]
[Result "1/2-1/2"]
[WhiteElo "2005"]
[BlackElo "2366"]
[PlyCount "75"]
[EventDate "2012.10.11"]

1. e4 c5 2. Nf3 d6 3. d4 cxd4 4. Nxd4 Nf6 5. Nc3 g6 6. Be3 Bg7 7. f3 Nc6 8. Qd2
O-O 9. Bc4 Bd7 10. O-O-O Rc8 11. Bb3 Nxd4 12. Bxd4 b5 13. g4 a5 14. g5 Nh5 15.
Bxg7 Kxg7 16. a3 Bc6 17. Ne2 Qb6 18. Ng3 Rb8 19. Rhg1 Nxg3 20. hxg3 a4 21. Qc3+
Kg8 22. Ba2 b4 23. axb4 Qxb4 24. Qxb4 Rxb4 25. c3 Rb5 26. Bd5 Rc8 27. Kc2 Bd7
28. Rd4 Rcb8 29. Rb1 e6 30. Bc4 Rxg5 31. Rxd6 Be8 32. Rg1 Rc5 33. Bd3 a3 34.
bxa3 Ba4+ 35. Kd2 Rb2+ 36. Ke3 Rxc3 37. Ra1 Bc2 38. Kd2 1/2-1/2

[Event "2nd Indonesia Open Chess Ch. 2012"]
[Site "Grand SahidJaya Hotel, Jakarta"]
[Date "2012.10.15"]
[Round "7.34"]
[White "Jafar, Sofyan"]
[Black "Milliet, Sophie"]
[Result "0-1"]
[WhiteElo "2286"]
[BlackElo "2421"]
[PlyCount "91"]
[EventDate "2012.10.11"]

1. Nf3 Nf6 2. d3 d5 3. g3 Bf5 4. Bg2 e6 5. c4 c6 6. Qb3 Qb6 7. O-O Qxb3 8. axb3
Nbd7 9. Nh4 Bg4 10. Re1 Bb4 11. Bd2 Bxd2 12. Nxd2 g5 13. Nhf3 Bxf3 14. Nxf3 g4
15. Nd4 Ke7 16. f4 Rhd8 17. e3 Nc5 18. Bf1 a5 19. Rec1 dxc4 20. Rxc4 Rxd4 21.
Rxc5 Rb4 22. Ra3 a4 23. Kf2 Rd8 24. Rc4 Rxb3 25. Rxb3 axb3 26. Rb4 b5 27. Rxb3
Ra8 28. Rc3 Ra2 29. Rc2 Nd5 30. e4 Nb4 31. Rd2 c5 32. Ke3 f6 33. Be2 h5 34. d4
c4 35. h3 gxh3 36. Bxh5 Nd3 37. Bg4 Nxb2 38. d5 c3 39. d6+ Kd8 40. Re2 h2 41.
Re1 c2 42. e5 Nd1+ 43. Kd2 Ra1 44. Kxc2 Ne3+ 45. Rxe3 h1=Q 46. exf6 0-1

[Event "2nd Indonesia Open Chess Ch. 2012"]
[Site "Grand SahidJaya Hotel, Jakarta"]
[Date "2012.10.15"]
[Round "7.35"]
[White "Irwanto, Sadikin"]
[Black "Gunawan, Johan"]
[Result "1-0"]
[WhiteElo "2412"]
[BlackElo "2276"]
[PlyCount "81"]
[EventDate "2012.10.11"]

1. d4 Nf6 2. Nf3 e6 3. c4 Bb4+ 4. Bd2 Qe7 5. g3 b6 6. Bg2 Bb7 7. O-O Bxd2 8.
Qxd2 d6 9. Nc3 Ne4 10. Qc2 Nxc3 11. Qxc3 Nd7 12. Ne1 Bxg2 13. Nxg2 O-O 14. e4
c5 15. d5 Qf6 16. Qxf6 Nxf6 17. dxe6 fxe6 18. f3 Rad8 19. Rad1 Kf7 20. Ne3 Ke7
21. Kg2 Nd7 22. f4 Nb8 23. f5 Nc6 24. b3 Nd4 25. Rd2 a6 26. g4 Rb8 27. Rdf2 e5
28. Nd5+ Kd7 29. f6 g6 30. f7 Kc6 31. h4 b5 32. g5 bxc4 33. bxc4 Rb7 34. Kg3
Rd7 35. Kg4 Rb7 36. h5 Rd7 37. hxg6 hxg6 38. Rb1 Rdxf7 39. Rb6+ Kd7 40. Rb7+
Ke6 41. Rf6+ 1-0

[Event "2nd Indonesia Open Chess Ch. 2012"]
[Site "Grand SahidJaya Hotel, Jakarta"]
[Date "2012.10.15"]
[Round "7.36"]
[White "Tunasly, Kifly"]
[Black "Hartono"]
[Result "1-0"]
[WhiteElo "2376"]
[BlackElo "2230"]
[PlyCount "35"]
[EventDate "2012.10.11"]

1. e4 c5 2. Nc3 Nc6 3. g3 g6 4. Bg2 Bg7 5. f4 e6 6. Nf3 Nge7 7. O-O O-O 8. d3
d5 9. e5 a6 10. Ne2 Nf5 11. c3 b5 12. g4 Nh4 13. Nxh4 Qxh4 14. Be3 h6 15. d4
cxd4 16. cxd4 Ne7 17. Ng3 Bd7 18. Bd2 {
Unreadable notation. Game ended in 48 moves.} 1-0

[Event "2nd Indonesia Open Chess Ch. 2012"]
[Site "Grand SahidJaya Hotel, Jakarta"]
[Date "2012.10.15"]
[Round "7.37"]
[White "Sitanggang, Salor"]
[Black "Pamungkas, Junaid"]
[Result "1-0"]
[WhiteElo "2367"]
[BlackElo "2221"]
[PlyCount "80"]
[EventDate "2012.10.11"]

1. d4 g6 2. c4 Bg7 3. Nc3 Nf6 4. Nf3 O-O 5. Bg5 d6 6. e3 c5 7. d5 a6 8. a4 e5
9. dxe6 Bxe6 10. Be2 Nc6 11. O-O Qc7 12. Bf4 Rad8 13. Ng5 Bf5 14. g4 Bc8 15. h3
Rfe8 16. Rc1 Nb4 17. Bf3 Qe7 18. Qd2 h6 19. Nge4 Nxe4 20. Nxe4 d5 21. cxd5 Rxd5
22. Nf6+ Bxf6 23. Bxd5 g5 24. Bd6 Qd8 25. Bg2 b6 26. a5 Re7 27. axb6 Rd7 28.
Rxc5 Rxd6 29. Qxd6 Qxd6 30. Rxc8+ Kg7 31. b7 Be5 32. b8=Q Qxb8 33. Rxb8 Bxb8
34. Rd1 a5 35. b3 Be5 36. Rd7 Bf6 37. Bd5 Nxd5 38. Rxd5 Bc3 39. Kf1 Kf6 40. Rc5
Bb4 1-0

[Event "2nd Indonesia Open Chess Ch. 2012"]
[Site "Grand SahidJaya Hotel, Jakarta"]
[Date "2012.10.15"]
[Round "7.38"]
[White "Sihite, Chelsie Monica"]
[Black "Pitra, Andika"]
[Result "1-0"]
[WhiteElo "2254"]
[BlackElo "2340"]
[PlyCount "49"]
[EventDate "2012.10.11"]

1. e4 c5 2. Nf3 a6 3. c4 Nc6 4. d4 cxd4 5. Nxd4 e5 6. Nf5 d6 7. Nc3 g6 8. Ne3
Bg7 9. h4 h5 10. Ned5 Nh6 11. Bg5 f6 12. Be3 Nd4 13. Bxd4 exd4 14. Qxd4 O-O 15.
Qb6 f5 16. Qxd8 Rxd8 17. exf5 Nxf5 18. O-O-O Rb8 19. Bd3 b5 20. cxb5 axb5 21.
Bxf5 gxf5 22. Ne7+ Kf8 23. Nc6 b4 24. Nd5 b3 25. axb3 1-0

[Event "2nd Indonesia Open Chess Ch. 2012"]
[Site "Grand SahidJaya Hotel, Jakarta"]
[Date "2012.10.15"]
[Round "7.39"]
[White "Farid, Firman Syah"]
[Black "Jamaludin"]
[Result "1-0"]
[WhiteElo "2326"]
[BlackElo "2174"]
[PlyCount "94"]
[EventDate "2012.10.11"]

1. d4 d5 2. Nf3 Nf6 3. c4 c6 4. Nc3 g6 5. e3 Bg7 6. Be2 O-O 7. O-O h6 8. Ne5
Nbd7 9. f4 e6 10. b3 Re8 11. Qc2 Nf8 12. Bb2 N6d7 13. Rf2 f5 14. b4 Nxe5 15.
fxe5 h5 16. b5 Bh6 17. Bc1 Bd7 18. c5 Nh7 19. a4 Ng5 20. Rb1 Rf8 21. bxc6 Bxc6
22. Bb5 Qd7 23. Qe2 Ne4 24. Nxe4 fxe4 25. Bd2 Rxf2 26. Qxf2 Rf8 27. Qe2 Rf7 28.
Bxc6 bxc6 29. a5 Qc8 30. a6 Bg5 31. Be1 Kh7 32. h3 Kg8 33. Bg3 Kg7 34. Rb3 Kh7
35. Kh2 Kg7 36. Rb1 Kg8 37. h4 Bh6 38. Kh3 Kh7 39. Rf1 Rxf1 40. Qxf1 Kg8 41.
Qf6 Qe8 42. Bf4 Bxf4 43. Qxf4 Qe7 44. Qf1 g5 45. Qe2 g4+ 46. Kg3 Qf7 47. Qb2
Qf1 1-0

[Event "2nd Indonesia Open Chess Ch. 2012"]
[Site "Grand SahidJaya Hotel, Jakarta"]
[Date "2012.10.15"]
[Round "7.40"]
[White "Marentek, Hanny"]
[Black "Laksana, Agusta"]
[Result "1-0"]
[WhiteElo "2232"]
[BlackElo "2305"]
[PlyCount "61"]
[EventDate "2012.10.11"]

1. d4 Nf6 2. c4 g6 3. Nc3 Bg7 4. e4 d6 5. f3 O-O 6. Be3 e5 7. d5 c6 8. Qd2 cxd5
9. cxd5 a6 10. Nge2 b5 11. Nc1 Nbd7 12. Nd3 Nh5 13. Be2 Nb6 14. Nb4 Bb7 15. Nc6
Qc7 16. Rc1 Nf4 17. O-O Nxe2+ 18. Qxe2 Nc4 19. Bf2 Bh6 20. Rc2 f5 21. a4 Bxc6
22. dxc6 Qxc6 23. Nd5 Qb7 24. b3 Na5 25. Bb6 Nxb3 26. Rc7 Qb8 27. axb5 axb5 28.
Qxb5 Nc5 29. Qc6 Qd8 30. exf5 Rxf5 31. Bxc5 1-0

[Event "2nd Indonesia Open Chess Ch. 2012"]
[Site "Grand SahidJaya Hotel, Jakarta"]
[Date "2012.10.15"]
[Round "7.42"]
[White "Aris, T.L.S."]
[Black "Surya, Wahyudi"]
[Result "1-0"]
[WhiteElo "2238"]
[BlackElo "2293"]
[PlyCount "73"]
[EventDate "2012.10.11"]

1. d4 Nf6 2. Nf3 e6 3. Bg5 c5 4. e3 Qb6 5. Qc1 Ne4 6. Bf4 Nc6 7. c3 Be7 8. Nbd2
Nxd2 9. Qxd2 O-O 10. Be2 d5 11. O-O Qd8 12. a4 b6 13. Ne5 Nxe5 14. Bxe5 a6 15.
b4 Bd6 16. a5 Bxe5 17. dxe5 b5 18. f4 Qc7 19. Bd3 Bb7 20. Rf3 f5 21. exf6 Rxf6
22. Rh3 g6 23. Rg3 e5 24. Rg4 e4 25. Be2 Rc8 26. Rd1 cxb4 27. cxb4 Qc2 28. Rg5
Qxd2 29. Rxd2 Rc3 30. Kf2 Rb3 31. Re5 Rf7 32. Bg4 Rc7 33. Rxe4 Kg7 34. Red4 Rc4
35. Be2 Rcxb4 36. Rxb4 Rxb4 37. Rc2 1-0

[Event "2nd Indonesia Open Chess Ch. 2012"]
[Site "Grand SahidJaya Hotel, Jakarta"]
[Date "2012.10.15"]
[Round "7.43"]
[White "Purba, Cornelis"]
[Black "Mahmud, Syarif"]
[Result "1-0"]
[WhiteElo "2203"]
[BlackElo "2291"]
[PlyCount "107"]
[EventDate "2012.10.11"]

1. e4 c5 2. Nf3 d6 3. d4 cxd4 4. Nxd4 Nf6 5. Nc3 a6 6. Bg5 e6 7. Be2 Be7 8. Qd2
Qc7 9. O-O-O Nbd7 10. f4 Nc5 11. Bf3 h6 12. Bxf6 Bxf6 13. h4 Bd7 14. g4 Na4 15.
Nxa4 Bxa4 16. Qb4 Bd7 17. g5 Be7 18. Qb3 Rc8 19. Kb1 hxg5 20. hxg5 Rxh1 21.
Rxh1 Qc5 22. c3 Qc4 23. Qxb7 Qd3+ 24. Ka1 e5 25. fxe5 dxe5 26. Rd1 Qc4 27. Nf5
Bxf5 28. exf5 Qc7 29. g6 Qxb7 30. Bxb7 Rc5 31. Bd5 fxg6 32. fxg6 Bg5 33. c4 a5
34. b3 Ke7 35. Kb2 Rc8 36. Ka3 Kf6 37. Be4 Be3 38. Ka4 Kg5 39. Rf1 Rc5 40. Rf7
Kh6 41. Rd7 Bd4 42. a3 Bc3 43. Bd3 Rc8 44. Be4 Rc5 45. Rd5 Rc7 46. Rd3 Bb2 47.
Rf3 Rc5 48. Bd3 Kg5 49. Rf7 Bc3 50. b4 axb4 51. axb4 Rc8 52. c5 Rd8 53. c6 e4
54. Bxe4 1-0

[Event "2nd Indonesia Open Chess Ch. 2012"]
[Site "Grand SahidJaya Hotel, Jakarta"]
[Date "2012.10.15"]
[Round "7.45"]
[White "Fahmi, Jauhari"]
[Black "Sinurat, Tumpak"]
[Result "0-1"]
[WhiteElo "2184"]
[BlackElo "2258"]
[PlyCount "74"]
[EventDate "2012.10.11"]

1. d4 d5 2. Nf3 Nf6 3. Bg5 Ne4 4. Bf4 e6 5. e3 c5 6. Bd3 Qb6 7. Qc1 Nc6 8. c3
Nf6 9. h3 Be7 10. O-O Bd7 11. a4 Rc8 12. Qd2 c4 13. Be2 Ne4 14. Qc1 Bd6 15. Ne5
Bxe5 16. dxe5 Na5 17. Bd1 Nc5 18. Ra2 Nd3 19. Qc2 Qb3 20. Qxb3 cxb3 21. Ra3
Nxb2 22. Bxb3 Nbc4 23. Bxc4 Nxc4 24. Ra2 a6 25. Re1 Bc6 26. Na3 Bxa4 27. e4 Bb3
28. Nxc4 Bxa2 29. Nd6+ Kd7 30. Nxc8 Rxc8 31. exd5 Bxd5 32. Rc1 Rc4 33. Be3 b5
34. f4 Ra4 35. g4 Ra2 36. Bf2 g6 37. h4 Kc6 0-1

[Event "2nd Indonesia Open Chess Ch. 2012"]
[Site "Grand SahidJaya Hotel, Jakarta"]
[Date "2012.10.15"]
[Round "7.46"]
[White "Sean, Winshand Cuhendi"]
[Black "Sutarno"]
[Result "0-1"]
[WhiteElo "2181"]
[BlackElo "2252"]
[PlyCount "53"]
[EventDate "2012.10.11"]

1. d4 c5 2. d5 Nf6 3. Nc3 e5 4. e4 d6 5. f3 a6 6. a4 Be7 7. Be3 O-O 8. g4 Ne8
9. Nge2 Bg5 10. Bxg5 Qxg5 11. h4 Qe3 12. Rh3 c4 13. f4 Qb6 14. f5 Qxb2 15. h5
f6 16. g5 fxg5 17. h6 g4 18. hxg7 Kxg7 19. Rh4 Nf6 20. Rb1 Qa3 21. Qd2 Nbd7 22.
Ng3 Kf7 23. Rh6 Kg8 24. Nh5 Re8 25. Nxf6+ Nxf6 26. Bg2 Bd7 27. Ne2 0-1